Terrorism and disaster management (Record no. 617386)

MARC details
000 -LEADER
fixed length control field 00479nam a2200169 a 4500
008 - FIXED-LENGTH DATA ELEMENTS--GENERAL INFORMATION
fixed length control field 260310s2026##################000#0#eng##
020 ## - INTERNATIONAL STANDARD BOOK NUMBER
ISBN 9798182742733
Paper back/Hardbound hbk
082 04 - DEWEY DECIMAL CLASSIFICATION NUMBER
Classification number 362.18 MCG
100 ## - MAIN ENTRY--AUTHOR NAME
Personal name McGlown,K.Joanne
245 10 - TITLE STATEMENT
Title Terrorism and disaster management
Statement of responsibility, etc /K.Joanne McGlown
250 ## - EDITION STATEMENT
Edition statement 1st ed.
260 ## - PUBLICATION, DISTRIBUTION, ETC. (IMPRINT)
Place of publication New Delhi:
Name of publisher Pantagon Press,
Year of publication 2007.
300 ## - PHYSICAL DESCRIPTION
Number of Pages xv,336p.
Dimensions ;25cm.
650 ## - SUBJECT ADDED ENTRY--TOPICAL TERM
Topical Term Emergency medical services
942 ## - ADDED ENTRY ELEMENTS (KOHA)
Koha item type English Books
Holdings
Withdrawn status Lost status Damaged status Not for loan Home library Current library Shelving location Date acquired Full call number Accession Number Price effective from Koha item type
        Anna Centenary Library Anna Centenary Library 4TH FLOOR, A WING 10.03.2026 362.18 MCG 437514 10.03.2026 English Books

Find us on the map